El metro revisitado: el viajero subterráneo veinte años después

Gardado en:
Detalles Bibliográficos
Autor Principal: Augé, Marc (Author)
Formato: Libro
Idioma:Lingua castelá
Publicado: Barcelona Paidós Ibérica 2010
Edición:1a. ed
Series:El Arco de Ulises, 18
Subjects:
Tags: Engadir etiqueta
Sen Etiquetas, Sexa o primeiro en etiquetar este rexistro!

MARC

LEADER 00000cam a2200000 a 4500
001 UCG2295
003 CL-VaPUC
008 100701e20100200SP |||||||||||||||||spa|d
020 |a 9788449323423 
082 0 4 |a 305.8  |b AUG  |2 21 
100 0 |a Augé, Marc  |e author  |9 550731 
245 1 3 |a El metro revisitado: el viajero subterráneo veinte años después 
250 |a 1a. ed 
300 |a 109 p 
942 |c BK 
945 |d 20100701 00:00:00  |a dcastane 
260 |a Barcelona  |b Paidós Ibérica  |c 2010 
650 0 |a Antropología   |9 233030 
650 0 |a Antropología cultural y social   |9 265143 
650 0 |a Sociología   |9 255410 
650 0 |a Psicología social   |9 222894 
583 |a last modification  |c 20130408 11:41:24  |k Rodrigo Vera 
490 0 |a El Arco de Ulises, 18 
999 |c 341513  |d 341511 
952 |0 0  |1 0  |4 0  |6 305_800000000000000_AUG_2010  |7 0  |8 A  |9 437083  |a BIBEDU  |b BIBEDU  |d 2019-11-22  |i 4690788  |o 305.8 AUG 2010  |p 4690788  |r 2019-11-22  |w 2019-11-22  |y BK  |k FIL 
952 |0 0  |1 0  |4 0  |6 305_800000000000000_AUG_2010  |7 0  |8 A  |9 437084  |a BIBING  |b BIBING  |d 2019-11-22  |i 496246K  |l 1  |o 305.8 AUG 2010  |p 496246K  |r 2025-04-15  |s 2025-04-11  |w 2019-11-22  |y BK  |k GEO